| 000 | 01279nam a2200217Ia 4500 | ||
|---|---|---|---|
| 001 | 12348 | ||
| 003 | GE_BSU | ||
| 008 | 181216s||||||||xx |||||||||||||| ||und|| | ||
| 040 | _cGE_BSU | ||
| 080 | _a561(118)(47.922) | ||
| 100 | _aРатиани,Н.К. | ||
| 245 | _aПлиоценовые и плейстоценовые флоры западной Грузии и их связи с современной флорой | ||
| 245 | _bდასავლეთ საქართველოს კლიოცენური და პლეისტოცენური ფლორები და მათი კავშირი თანამედროვე ფლორასთან | ||
| 260 | _aТбилиси | ||
| 260 | _bМецниереба | ||
| 260 | _c1979 | ||
| 300 | _a236стр.22см. | ||
| 653 | _aПлиоценовые и плейстоценовые флоры западной Грузии и их связи с современной флорой | ||
| 653 | _aდასავლეთ საქართველოს კლიოცენური და პლეისტოცენური ფლორები და მათი კავშირი თანამედროვე ფლორასთან | ||
| 942 | _cBK | ||
| 999 |
_c45523 _d45523 |
||